Star Wars: The Bad Batch Characters With The Most Screen Time - Statistics

General Stats
  • This quiz has been taken 16 times
  • The average score is 17 of 52
Answer Stats
Screen Time Answer % Correct
2:44:55 Crosshair
100%
4:39:22 Hunter
100%
5:16:24 Omega
100%
3:08:08 Tech
100%
3:40:10 Wrecker
100%
26:05 Rex
93%
2:45:16 Echo
87%
37:18 Edmon Rampart
67%
13:58 Wilhuff Tarkin
67%
30:23 Cid Scaleback
53%
8:44 Cody
53%
12:40 Howzer
47%
9:19 Lama Su
47%
19:12 Nala Se
40%
4:33 Sheev Palpatine/Darth Sidious
40%
4:47 Wolffe
40%
27:50 Batcher
33%
9:01 Cad Bane
33%
31:59 Emerie Karr
33%
18:04 Fennec Shand
33%
6:57 Gregor
33%
39:17 Royce Hemlock
33%
13:51 Asajj Ventress
27%
3:42 Caleb Dume
27%
16:26 Gonky
27%
29:35 Phee Genoa
27%
21:37 Riyo Chuchi
27%
4:20 Saw Gererra
27%
12:56 Scorch
27%
11:06 Cham Syndulla
20%
15:44 Hera Syndulla
20%
6:17 Todo 360
20%
2:52 Bail Organa
13%
13:34 Benni Baro
13%
6:56 Cut Lawquane
13%
11:17 CX-2
13%
12:19 Eva
13%
4:54 Rafa Martez
13%
:01 Anakin Skywalker
7%
23:07 AZI-3
7%
5:43 Chopper
7%
6:28 Gobi Glie
7%
9:40 Gungi
7%
2:29 Mas Amedda
7%
12:48 Mayday
7%
:03 Obi-Wan Kenobi
7%
4:20 Orn Free Taa
7%
4:49 Trace Martez
7%
10:34 Deke
0%
:03 General Grievous
0%
:03 Mace Windu
0%
1:14 Orson Krennic
0%
No matching quizzes found
Score Distribution
Percent of People with Each Score
Percentile by Number Answered
Your Score History
You have not taken this quiz